000 00462nam a2200133Ia 4500
008 220216s9999 xx 000 0 und d
100 _aVarghese Y.A.
245 0 _aGenetic improvement
260 _bIn: Natural rubber: Agromanagement and crop processing. (Eds. P.J. George and C. Kuruvilla Jacob). Rubber Research Institute of India, Kottayam, India, pp. 36-46
_c2000
650 _aBreeding
650 _aCrop improvement
700 _aMydin K.K.
942 _cBS
999 _c53022
_d53022